000 00411nam a22001577a 4500
005 20241216100347.0
008 241216b |||||||| |||| 00| 0 eng d
020 _a9780300052961
050 _aN7832
_bB3 BEC
100 _aBECKWITH, JOHN
245 _aEARLY CHRISTIAN AND BYZANTINE ART
260 _aNEW HAVEN
_bYALE UNIVERSITY PRESS
_cc1979
300 _a405p
500 _aincludes index
942 _2lcc
_cBK
_n0
999 _c2306
_d2306